Historische Entwickelung der heutigen Staatsverfassung des Teutschen Reichs 1 2 3

Bibliographic Details
Main Author: Pütter, Johann Stephan 1725-1807 (Author)
Other Authors: Scherl, Bernhard Martin (upr, auv)
Format: Book
Language:German
PhysicalDescription:3 zv. (lxvi, 1214 s.) 20 cm
Published: Hildesheim [etc.] Georg Olms 2001
ISBN:3487110202
3487110210
3487110229
ISSN:1430-8320
Series:Historia Scientiarum
Subjects:

MARC

LEADER 00000nam a2200000 a 4500
001 vtls001416376
003 SK-MaSNL
005 20260301162254.0
008 251113s2001 DE r 0 ger
020 |a 3487110202  |c [11461,00] 
020 |a 3487110210 
020 |a 3487110229 
035 |a SNK000371128 
040 |a SNK  |b slo  |c SNK  |e AACR2 
044 |a DE  |a CH  |a US 
080 |a 342.4(430)(091)  |2 1981 
100 1 |a Pütter, Johann Stephan  |d 1725-1807  |4 aut  |9 65526 
245 1 |a Historische Entwickelung der heutigen Staatsverfassung des Teutschen Reichs  |n 1  |n 2  |n 3  |c Johann Stephan Pütter ; mit einer Einleitung herausgegeben von Bernhard Martin Scherl 
260 |a Hildesheim [etc.]  |b Georg Olms  |c 2001 
300 |a 3 zv. (lxvi, 1214 s.)  |c 20 cm 
490 1 |a Historia Scientiarum : Fachgebiet Rechtswissenschaft  |x 1430-8320 
500 |a Faksimile podľa vyd. Göttingen, 1798 
650 0 7 |a zákony ústavné  |x vývin  |x dejiny  |z Nemecko  |2 SNK  |9 526535 
651 7 |a Nemecko (ríša)  |x systémy ústavné  |x vývin  |x dejiny  |x faksimile  |2 SNK  |9 526536 
700 1 |a Scherl, Bernhard Martin  |4 upr  |4 auv  |9 397822 
830 0 |a Historia Scientiarum  |9 295622 
919 |a 3-487-11020-2 
919 |a 3-487-11021-0 
919 |a 3-487-11022-9 
999 |c 812621  |d 814551 
952 |t P60, <04>, [BOOK], {604}  |a SNK  |b SNK  |y VYP  |7 0  |p 17A0303666  |o snkID 96905/1  |i snkV 959/2001  |0 0  |1 0  |4 0  |d 2001-07-06  |l 0  |r 2005-01-02 00:00:00  |w 2026-02-24 
952 |t P60, <04>, [BOOK], {604}  |a SNK  |b SNK  |y VYP  |7 0  |p 17A0303667  |o snkID 96905/2  |i snkV 960/2001  |0 0  |1 0  |4 0  |d 2001-07-06  |l 0  |r 2005-01-02 00:00:00  |w 2026-02-24 
952 |t P60, <04>, [BOOK], {604}  |a SNK  |b SNK  |y VYP  |7 0  |p 17A0303668  |o snkID 96905/3  |i snkV 961/2001  |0 0  |1 0  |4 0  |d 2001-07-06  |l 0  |r 2005-01-02 00:00:00  |w 2026-02-24